000 00997cam a22003373a 4500
001 31797
003 PGUSA
005 20140828083704.0
008 100327s2010||||xxu|||||s|||||000 | eng d
040 _aPGUSA
_beng
042 _adc
050 4 _aPR
100 1 _aShakespeare, William,
_d1564-1616
245 1 0 _aΑμλέτος
_h[electronic resource] /
_cWilliam Shakespeare
260 _bProject Gutenberg,
_c2010
506 _aPublic domain in the USA.
516 _aElectronic text
653 _aTragedies
653 _aPrinces -- Drama
653 _aHamlet (Legendary character) -- Drama
653 _aRevenge -- Drama
653 _aMurder victims' families -- Drama
653 _aDenmark -- Drama
653 _aKings and rulers -- Succession -- Drama
653 _aFathers -- Death -- Drama
700 1 _aPolylas, Iakovos,
_d1826-1898
740 0 _aHamlet. Greek
830 0 _aProject Gutenberg
_v31797
856 4 0 _uhttp://www.gutenberg.org/ebooks/31797
942 _cEB
999 _c261052
_d261052